| 000 | 01146nas a2200361 4500 | ||
|---|---|---|---|
| 001 | BR2012007843 | ||
| 003 | BR-BrBNA | ||
| 005 | 20231205121334.0 | ||
| 007 | ta | ||
| 008 | 230509b bl.|||p| |||| 00| 00por d | ||
| 040 |
_aBR-BrBNA _bpor _cBiblioteca Nacional de Agricultura |
||
| 041 | _a(Pt) | ||
| 072 | _aL51; L01 | ||
| 100 | 1 | _aCosta, R.G. | |
| 100 | 1 | _aMedeiros, A.N. de | |
| 100 | 1 | _aFurtado, D. de A. | |
| 100 | 1 | _aOliveira, R.J.F. | |
| 100 | 1 | _aSantos, N.M. dos | |
| 100 | 1 | _aCruz, S.E.S.B.S. | |
| 245 | 1 | _aDesempenho de cabritos saanen em diferentes instalações alimentados com rações farelada e peletizada | |
| 246 | 1 | _aPerformance of saanen kid goats created in different installations fed bran and pellet rations | |
| 650 | _aCABRITO | ||
| 650 | _aCAPRINO | ||
| 650 | _aALEITAMENTO | ||
| 650 | _aDESMAMA | ||
| 650 | _aNUTRIÇÃO ANIMAL | ||
| 650 | _aGANHO DE PESO | ||
| 650 | _aDIETA | ||
| 650 | _a | ||
| 773 | 0 |
_tRevista Científica de Produção Animal (Brazil) _xISSN 1415-563X _g(Jan-Jun 2008), v. 10(1) p. 9-14 _wBR2012007843 |
|
| 909 |
_a202311 _bLúcia _c55 _dLúcia Elande |
||
| 942 |
_2AGRIS _n0 _cANA |
||
| 999 |
_c223033 _d223033 |
||